[Event "World Amateur-ch U2000"]
[Site "Chalkidiki"]
[Date "2016.04.23"]
[Round "5"]
[White "Ramil, Rumusud"]
[Black "Nagy, Laszlo"]
[Result "1-0"]
[WhiteElo "1910"]
[BlackElo "1968"]
[PlyCount "113"]
[EventDate "2016.04.19"]
[EventType "swiss"]
[EventRounds "9"]
[EventCountry "GRE"]
[SourceTitle "CBM 172 Extra"]
[Source "ChessBase"]
[SourceDate "2016.06.21"]
[SourceVersion "1"]
[SourceVersionDate "2016.06.21"]
[SourceQuality "1"]

1. d4 Nf6 2. c4 c5 3. d5 d6 4. Nc3 g6 5. Nf3 Bg7 6. g3 0-0 7. Bg2 e6 8. 0-0 exd5 9. cxd5 Na6 10. Nd2 Nc7 11. Qb3 b5 12. e4 Rb8 13. h3 b4 14. Nc4 Bxh3 15. Bxh3 bxc3 16. Qxc3 Nxe4 17. Qd3 f5 18. Bg2 Re8 19. Rb1 Nb5 20. Bf4 g5 21. Be3 g4 22. Bf4 Qf6 23. Ne3 Qg6 24. Rbe1 c4 25. Nxc4 Nd4 26. Re3 Rb5 27. Rfe1 Rxd5 28. Qb1 Rc5 29. Nxd6 Nxd6 30. Bxd6 Rxe3 31. Bxc5 Rxe1+ 32. Qxe1 Nf3+ 33. Bxf3 gxf3 34. Qd1 Qc6 35. Bxa7 h5 36. Be3 Kh7 37. b3 h4 38. gxh4 Qg6+ 39. Bg5 Qh5 40. Qd6 Qg4+ 41. Qg3 Qe4 42. Bf4 Bd4 43. h5 Kh8 44. h6 Kh7 45. Kh2 Bf6 46. a4 Qb7 47. Bg5 Bd4 48. Bd2 Qe4 49. Qc7+ Kg6 50. Qd6+ Bf6 51. Bf4 Qe2 52. Be3 Qb2 53. Qg3+ Kf7 54. Qxf3 Qxb3 55. Qxf5 Qxa4 56. Bg5 Qd4 57. Qxf6+ 1-0

[Event "World Amateur-ch U2000"]
[Site "Chalkidiki"]
[Date "2016.04.20"]
[Round "2"]
[White "Ramil, Rumusud"]
[Black "Kozlowski, Thierry"]
[Result "1/2-1/2"]
[WhiteElo "1910"]
[BlackElo "1979"]
[PlyCount "102"]
[EventDate "2016.04.19"]
[EventType "swiss"]
[EventRounds "9"]
[EventCountry "GRE"]
[SourceTitle "CBM 172 Extra"]
[Source "ChessBase"]
[SourceDate "2016.06.21"]
[SourceVersion "1"]
[SourceVersionDate "2016.06.21"]
[SourceQuality "1"]

1. d4 Nf6 2. c4 e6 3. Nf3 b6 4. g3 Ba6 5. b3 d5 6. Bg2 Bb4+ 7. Bd2 Bd6 8. cxd5 exd5 9. 0-0 Nbd7 10. Nh4 Nf8 11. Nc3 c6 12. Re1 Ne6 13. e4 dxe4 14. Nxe4 Nxe4 15. Bxe4 Bb7 16. Qh5 Qf6 17. Nf5 0-0-0 18. Qf3 Kb8 19. Rad1 Bc7 20. Be3 g6 21. Nh6 Qxf3 22. Bxf3 Rd7 23. Ng4 f5 24. Ne5 Bxe5 25. dxe5 Rhd8 26. Rxd7 Rxd7 27. Rd1 Rxd1+ 28. Bxd1 c5 29. Be2 Bd5 30. f4 Kc7 31. g4 Ng7 32. h3 Kc6 33. Kf2 b5 34. Bd3 a5 35. Bd2 c4 36. bxc4 bxc4 37. Bc2 Kb5 38. a4+ Kb6 39. Bc3 Be6 40. Bd1 Ne8 41. gxf5 gxf5 42. Bc2 Nc7 43. Bd4+ Kc6 44. Bd1 Nd5 45. Bf3 Kc7 46. Bxd5 Bxd5 47. Bc3 Kb6 48. Ke3 Kc5 49. Bxa5 Bc6 50. Bc3 Bxa4 51. h4 h5 1/2-1/2